[Event "fast games for new members"]
[Site "SchemingMind.com"]
[Date "2006.03.23"]
[Round "-"]
[White "nerdy_nadz"]
[Black "MatdeInverses"]
[Result "0-1"]
[WhiteCountry "PHI"]
[BlackCountry "USA"]
[WhiteElo "2116"]
[WhiteRD "162"]
[BlackElo "1898"]
[BlackRD "52"]
[GameID "43675"]

1. d4 c5 2. d5 Nf6 3. c4 e5 4. Nc3 d6 5. e4 Be7 6. f4 Nbd7 7. Nf3 exf4 8. Bxf4 Nf8 9. h3 Ng6 10. Bh2 Nh5
11. Qd2 Bh4+ 12. Nxh4 Qxh4+ 13. Qf2 Qe7 14. Be2 Nf6 15. O-O O-O 16. Bf3 Bd7 17. Rae1 Rae8 18. b3 Ne5 19. Bxe5 Qxe5 20. Qc2 a6
21. Na4 Bxa4 22. bxa4 Re7 23. Re2 Rfe8 24. Rfe1 Nd7 25. Bg4 Qd4+ 26. Kh1 Ne5 27. Qc1 Nd3
0-1

[Event "fast games for new members"]
[Site "SchemingMind.com"]
[Date "2006.03.23"]
[Round "-"]
[White "MatdeInverses"]
[Black "nerdy_nadz"]
[Result "1-0"]
[WhiteCountry "USA"]
[BlackCountry "PHI"]
[WhiteElo "1898"]
[WhiteRD "52"]
[BlackElo "2116"]
[BlackRD "162"]
[GameID "43676"]

1. c4 c6 2. e4 d5 3. cxd5 cxd5 4. exd5 Qxd5 5. Nc3 Qd8 6. d4 Nf6 7. Nf3 e6 8. Bd3 Be7 9. O-O O-O 10. a3 b6
11. Bg5 Bb7 12. Re1 Nbd7 13. Bc2 Rc8 14. Qd3 h6 15. Bh4 Qc7 16. Ne5 Nxe5 17. dxe5 Rcd8 18. exf6 Rxd3 19. fxe7 Rd2 20. Bh7+ Kxh7
21. exf8=Q Rxb2 22. Rac1 Qc6 23. Ne4 Qd5 24. Qxf7 Qf5 25. Qxf5+ exf5 26. Nd6
1-0

[Event "fast games for new members"]
[Site "SchemingMind.com"]
[Date "2006.03.25"]
[Round "-"]
[White "Katrina#1"]
[Black "MatdeInverses"]
[Result "0-1"]
[WhiteCountry "AUS"]
[BlackCountry "USA"]
[WhiteElo "1163"]
[WhiteRD "148"]
[BlackElo "1956"]
[BlackRD "47"]
[GameID "43986"]

1. e4 c5 2. Nf3 Nc6 3. Bc4 e6 4. O-O Nf6 5. d3 Be7 6. Nc3 O-O 7. Bf4 d5 8. exd5 exd5 9. Bb3 Bg4 10. h3 Bh5
11. Re1 h6 12. Re3 d4 13. Re2 dxc3 14. bxc3 Bxf3 15. gxf3 Bd6 16. Bg3 Bxg3 17. fxg3 Re8 18. Qd2 Rxe2 19. Qxe2 Nd4 20. Qe3 Nxb3
21. cxb3 Qd6 22. f4 Re8 23. Qf3 Qd5 24. Qxd5 Nxd5 25. c4 Nb4 26. a3 Nxd3 27. Rd1 Re1+ 28. Rxe1 Nxe1 29. Kf2 Nc2 30. a4 Nd4
31. Ke3 Nxb3 32. Kd3 Nd4 33. Ke3 f5 34. Kd3 Kf7 35. Ke3 Ke6 36. Kd3 b6 37. Ke3 a6 38. Kd3 g5 39. fxg5 hxg5 40. Ke3 Ke5
41. Kd3 f4 42. gxf4+ gxf4 43. Kd2 f3 44. Ke1 Ke4 45. Kf2 Nf5 46. Kg1 Ke3 47. a5 f2+ 48. Kh2 f1=Q 49. axb6 Qf2+ 50. Kh1 Ng3#
0-1

[Event "fast games for new members"]
[Site "SchemingMind.com"]
[Date "2006.03.25"]
[Round "-"]
[White "Katrina#1"]
[Black "nerdy_nadz"]
[Result "1-0"]
[WhiteCountry "AUS"]
[BlackCountry "PHI"]
[WhiteElo "1321"]
[WhiteRD "122"]
[BlackElo "1564"]
[BlackRD "115"]
[GameID "43987"]

1. e4 c5 2. Nf3 d6 3. Bc4 e6 4. O-O Nc6 5. d3 Nge7 6. Bf4 g6 7. Nc3 Bg7 8. Qd2 Nd4 9. Nxd4 cxd4 10. Nb5 e5
11. Bg3 a6 12. Na3 b5 13. Bd5 Nxd5 14. exd5 Bb7 15. c4 bxc4 16. dxc4 f5 17. Rac1 f4 18. Bxf4 exf4 19. Qxf4 Qf6 20. Qxf6 Bxf6
21. Rfe1+ Kd7 22. h3 Rhe8 23. Red1 Re2 24. Rc2 Rae8 25. Rxe2 Rxe2 26. Rb1
1-0

[Event "fast games for new members"]
[Site "SchemingMind.com"]
[Date "2006.03.25"]
[Round "-"]
[White "MatdeInverses"]
[Black "Katrina#1"]
[Result "1-0"]
[WhiteCountry "USA"]
[BlackCountry "AUS"]
[WhiteElo "1956"]
[WhiteRD "47"]
[BlackElo "1163"]
[BlackRD "148"]
[GameID "43988"]

1. c4 e5 2. g3 Nf6 3. Bg2 Bc5 4. e3 O-O 5. Ne2 d6 6. O-O Bg4 7. Nbc3 Qd7 8. Bxb7 Nc6 9. Qa4 Rab8 10. Bxc6 Qe7
11. a3 h6 12. b4 Bxe3 13. dxe3 Bd7 14. Bxd7 Nxd7 15. Nd5 Qd8 16. Qc2 c6 17. Ndc3 Re8 18. Bb2 Nb6 19. Ne4 Qd7 20. Nxd6 Qxd6
21. c5 Qd5 22. cxb6 axb6 23. Nc3 Qe6 24. Rfd1 Qf6 25. Ne4 Qe6 26. Rd6 Qc8 27. Rxc6 Qb7 28. Rc7 Qd5 29. Rd1 Qe6 30. Rd6 Qe7
31. Rdd7 Qe6 32. Rxf7 Qg6 33. Rxg7+ Qxg7 34. Rxg7+ Kxg7 35. Qc7+ Kg8 36. Bxe5 Rbc8 37. Qg7#
1-0

[Event "fast games for new members"]
[Site "SchemingMind.com"]
[Date "2006.03.25"]
[Round "-"]
[White "nerdy_nadz"]
[Black "Katrina#1"]
[Result "0-1"]
[WhiteCountry "PHI"]
[BlackCountry "AUS"]
[WhiteElo "1564"]
[WhiteRD "115"]
[BlackElo "1321"]
[BlackRD "122"]
[GameID "43989"]

1. d4 d5 2. c4 dxc4 3. e3 b5 4. a4 c6 5. axb5 cxb5 6. Qf3 Bb7 7. Qxb7 Nd7 8. Qxb5 Qc8 9. Qxc4 Qxc4 10. Bxc4 e6
11. Nf3 Ngf6 12. Nc3 Bd6 13. O-O O-O 14. e4 Ng4 15. h3 Ngf6 16. e5 Be7 17. exf6 Bxf6 18. Ne4 Be7 19. Bf4 Rac8 20. Bb5 Rfd8
21. Rxa7 Nf6 22. Nxf6+ Bxf6 23. Be5 Be7 24. Rxe7 h6 25. Ra1 Rc2 26. Raa7 Rxb2
0-1

[Event "fast games for new members"]
[Site "SchemingMind.com"]
[Date "2006.03.26"]
[Round "-"]
[White "Mitchell-in"]
[Black "MatdeInverses"]
[Result "0-1"]
[WhiteCountry "ENG"]
[BlackCountry "USA"]
[WhiteElo "1432"]
[WhiteRD "210"]
[BlackElo "1898"]
[BlackRD "52"]
[GameID "44126"]

1. e4 c5 2. c3 Nf6 3. e5 Nd5 4. d4 cxd4 5. cxd4 Nc6 6. Nf3 d6 7. exd6 Qxd6 8. Nc3 Bg4 9. Nxd5 Qxd5 10. Be2 e5
11. dxe5 Bb4+ 12. Nd2 Qxg2 13. Rf1 Nd4 14. Bxg4 Qe4+ 15. Be2 Nf3#
0-1

[Event "fast games for new members"]
[Site "SchemingMind.com"]
[Date "2006.03.26"]
[Round "-"]
[White "Mitchell-in"]
[Black "nerdy_nadz"]
[Result "1-0"]
[WhiteCountry "ENG"]
[BlackCountry "PHI"]
[WhiteElo "1667"]
[WhiteRD "94"]
[BlackElo "1564"]
[BlackRD "115"]
[GameID "44127"]

1. e4 c5 2. c3 Nf6 3. e5 Nd5 4. d4 e6 5. c4 Nb6 6. d5 d6 7. exd6 Bxd6 8. Nf3 O-O 9. Nc3 exd5 10. cxd5 Bg4
11. Be2 a6 12. O-O N8d7 13. h3 Bh5 14. Be3 Nf6 15. Qd3 Nbxd5 16. Nxd5 Nxd5 17. Bg5 Nf6 18. Rad1 Be7 19. Qc4 Qc7 20. Bf4 Qb6
21. b3 Rad8 22. Be3 Rfe8 23. Rxd8 Rxd8 24. Rd1 Rxd1+ 25. Bxd1 Qd6 26. Be2 b5 27. Qf4 Qxf4 28. Bxf4 Nd5 29. Bd2 Bf6 30. Bd3 Bg6
31. Bxg6
1-0

[Event "fast games for new members"]
[Site "SchemingMind.com"]
[Date "2006.03.26"]
[Round "-"]
[White "Mitchell-in"]
[Black "Katrina#1"]
[Result "1-0"]
[WhiteCountry "ENG"]
[BlackCountry "AUS"]
[WhiteElo "1540"]
[WhiteRD "116"]
[BlackElo "1163"]
[BlackRD "148"]
[GameID "44128"]

1. e4 e5 2. Nf3 Nc6 3. Bc4 Bc5 4. Nc3 Nf6 5. d3 h6 6. h3 d6 7. g4 Bd7 8. g5 hxg5 9. Nxg5 Rf8 10. h4 Qe7
11. h5 Bg4 12. f3 Bd7 13. h6 gxh6 14. Rxh6 a6 15. f4 Ng8 16. Nd5 Qd8 17. Rh7 f6 18. Qh5+ Rf7 19. Qxf7#
1-0

[Event "fast games for new members"]
[Site "SchemingMind.com"]
[Date "2006.03.26"]
[Round "-"]
[White "MatdeInverses"]
[Black "Mitchell-in"]
[Result "1/2-1/2"]
[WhiteCountry "USA"]
[BlackCountry "ENG"]
[WhiteElo "1898"]
[WhiteRD "52"]
[BlackElo "1432"]
[BlackRD "210"]
[GameID "44129"]

1. c4 c5 2. g3 Nf6 3. Bg2 Nc6 4. Nc3 g6 5. Nf3 Bg7 6. O-O O-O 7. d3 d6 8. Bg5 h6 9. Bd2 Bd7 10. Qc1 Kh7
11. Rb1 a6 12. a3 Rb8 13. b4 cxb4 14. axb4 b5 15. Nd5 e6 16. Nxf6+ Qxf6 17. c5 d5 18. e4 dxe4 19. dxe4 Rbd8 20. Re1 e5
21. Bc3 Bg4 22. Nxe5 Nxe5 23. f4 Qe7 24. Bxe5 Bxe5 25. fxe5 Qxe5 26. Qf4 Qxf4 27. gxf4 Bc8 28. Rbd1 Bg4 29. Rd6 Rxd6 30. cxd6 Rd8
31. e5 Kg7 32. Bb7 Bc8 33. Bxc8 Rxc8 34. Ra1 Ra8 35. d7 Rd8 36. Rxa6 Rxd7 37. Rb6 Rd4 38. Rxb5 Rxf4 39. Kg2 g5 40. Kg3 h5
41. h3 h4+ 42. Kg2=
1/2-1/2

[Event "fast games for new members"]
[Site "SchemingMind.com"]
[Date "2006.03.28"]
[Round "-"]
[White "nerdy_nadz"]
[Black "Mitchell-in"]
[Result "0-1"]
[WhiteCountry "PHI"]
[BlackCountry "ENG"]
[WhiteElo "1564"]
[WhiteRD "115"]
[BlackElo "1667"]
[BlackRD "94"]
[GameID "44130"]

1. d4 d5 2. c4 e5 3. dxe5 d4 4. Nf3 Nc6 5. Nbd2 Nge7 6. a3 Ng6 7. Nb3 Ngxe5 8. Qc2 Nxf3+ 9. gxf3 g6 10. e4 Bg7
11. Bf4 O-O 12. O-O-O Be6 13. h4 h5 14. Kb1 a5 15. Bh3 a4 16. Nc5 Bxh3 17. Rxh3 Qc8 18. Rg3 Ra5 19. Nd3 b6 20. Rdg1 Qd7
21. Bd2 Ra7 22. f4 Ne7 23. f5 c5 24. Bg5 f6
0-1

[Event "fast games for new members"]
[Site "SchemingMind.com"]
[Date "2006.03.29"]
[Round "-"]
[White "Katrina#1"]
[Black "Mitchell-in"]
[Result "0-1"]
[WhiteCountry "AUS"]
[BlackCountry "ENG"]
[WhiteElo "1163"]
[WhiteRD "148"]
[BlackElo "1540"]
[BlackRD "116"]
[GameID "44131"]

1. e4 c5 2. Nf3 Nc6 3. Bc4 e6 4. Bb3 d5 5. exd5 exd5 6. O-O Nf6 7. Re1+ Be7 8. Nc3 O-O 9. h3 a6 10. d3 h6
11. a3 b5 12. Bf4 Bd6 13. Be3 d4 14. Bxd4 cxd4 15. Ne2 Bc5 16. Qd2 a5 17. Nf4 Bb7 18. Nh4 g5 19. Nf5 gxf4 20. Nxh6+ Kh7
21. Qxf4 Bd6 22. Qh4 Ng8 23. Re4 Qxh4 24. Rxh4 Nxh6
0-1

[Event "fast games for new members"]
[Site "SchemingMind.com"]
[Date "2006.03.26"]
[Round "-"]
[White "Netferatu"]
[Black "MatdeInverses"]
[Result "1-0"]
[WhiteCountry "ARG"]
[BlackCountry "USA"]
[WhiteElo "2140"]
[WhiteRD "154"]
[BlackElo "1956"]
[BlackRD "47"]
[GameID "44145"]

1. d4 c5 2. d5 Nf6 3. c4 e5 4. Bg5 d6 5. Nc3 Be7 6. Nf3 Nbd7 7. e4 h6 8. Be3 Nf8 9. Be2 a6 10. O-O g5
11. Qc2 Ng6 12. a3 Nf4 13. b4 b6 14. bxc5 bxc5 15. Rfb1 g4 16. Ne1 h5 17. Ra2 h4 18. Bxf4 exf4 19. Nd3 f3 20. gxf3 g3
21. fxg3 hxg3 22. hxg3 Nh5 23. g4 Ng3 24. Kg2 Bh4 25. Rab2 f5 26. exf5 Qg5 27. Qa4+ Kf7 28. Qc6 Nxf5 29. Ne4
1-0

[Event "fast games for new members"]
[Site "SchemingMind.com"]
[Date "2006.03.26"]
[Round "-"]
[White "Netferatu"]
[Black "nerdy_nadz"]
[Result "1-0"]
[WhiteCountry "ARG"]
[BlackCountry "PHI"]
[WhiteElo "2205"]
[WhiteRD "136"]
[BlackElo "1564"]
[BlackRD "115"]
[GameID "44146"]

1. d4 d5 2. c4 c6 3. e3 Bf5 4. Nc3 e6 5. h4 Be7 6. g4 Be4 7. Nxe4 dxe4 8. Ne2 Bxh4 9. Qb3 b6 10. Nc3 Nd7
11. Nxe4 Be7 12. Bg2 Rc8 13. g5 Bxg5 14. Nd6+ Kf8 15. Nxc8 Qxc8 16. Qa3+ Ne7 17. Qxa7 e5 18. dxe5 Nxe5 19. Qxb6 Nxc4 20. Qc5 Qg4
21. Bf1 Qe4 22. Qb4 g6 23. Rh3
1-0

[Event "fast games for new members"]
[Site "SchemingMind.com"]
[Date "2006.03.26"]
[Round "-"]
[White "Netferatu"]
[Black "Katrina#1"]
[Result "1-0"]
[WhiteCountry "ARG"]
[BlackCountry "AUS"]
[WhiteElo "2140"]
[WhiteRD "154"]
[BlackElo "1163"]
[BlackRD "148"]
[GameID "44147"]

1. d4 d5 2. c4 dxc4 3. Nc3 c6 4. a4 Bd7 5. b3 cxb3 6. Qxb3 Qc7 7. Nf3 Nf6 8. e4 e6 9. Rb1 b6 10. Bd3 Bd6
11. e5 Bxe5 12. dxe5 Ng4 13. Bf4 O-O 14. Qb4 c5 15. Qe4 Nc6 16. Qxh7#
1-0

[Event "fast games for new members"]
[Site "SchemingMind.com"]
[Date "2006.03.26"]
[Round "-"]
[White "Netferatu"]
[Black "Mitchell-in"]
[Result "1-0"]
[WhiteCountry "ARG"]
[BlackCountry "ENG"]
[WhiteElo "2140"]
[WhiteRD "154"]
[BlackElo "1540"]
[BlackRD "116"]
[GameID "44148"]

1. d4 d5 2. c4 e5 3. dxe5 d4 4. Nf3 Nc6 5. e4 Bg4 6. Qb3 Rb8 7. Nbd2 Bb4 8. a3 Bxd2+ 9. Nxd2 Nxe5 10. Qg3 Nf6
11. Qxe5+ Be6 12. b4 O-O 13. Bb2 Re8 14. Qxd4 b6 15. Be2 Qe7 16. O-O Red8 17. Qe3 Qd6 18. Bxf6 gxf6 19. Nb3 Qe7 20. Nd4 Qd7
21. Rfd1 Qe8 22. Rd3 Bxc4 23. Qg3+ Kf8 24. Nf5 Qxe4 25. Qg7+ Ke8 26. Qg8#
1-0

[Event "fast games for new members"]
[Site "SchemingMind.com"]
[Date "2006.03.26"]
[Round "-"]
[White "MatdeInverses"]
[Black "Netferatu"]
[Result "0-1"]
[WhiteCountry "USA"]
[BlackCountry "ARG"]
[WhiteElo "1898"]
[WhiteRD "52"]
[BlackElo "1949"]
[BlackRD "302"]
[GameID "44149"]

1. c4 c5 2. g3 d5 3. cxd5 Qxd5 4. Nf3 Nc6 5. Nc3 Qd8 6. Bg2 e5 7. b3 Nf6 8. Bb2 Bf5 9. d3 Be7 10. O-O O-O
11. Rc1 b6 12. Na4 Qd6 13. Nd2 Qe6 14. Re1 Bh3 15. Bh1 Rad8 16. a3 Nd5 17. Ne4 f5 18. Nec3 Nf6 19. Nb5 Ne8 20. e3 e4
21. d4 a6 22. Nxb6 axb5 23. d5 Qg6 24. Qe2 Na7 25. a4 Qxb6
0-1

[Event "fast games for new members"]
[Site "SchemingMind.com"]
[Date "2006.03.28"]
[Round "-"]
[White "nerdy_nadz"]
[Black "Netferatu"]
[Result "0-1"]
[WhiteCountry "PHI"]
[BlackCountry "ARG"]
[WhiteElo "1564"]
[WhiteRD "115"]
[BlackElo "2205"]
[BlackRD "136"]
[GameID "44150"]

1. d4 Nf6 2. c4 e6 3. Nc3 Bb4 4. Qc2 O-O 5. a3 Bxc3+ 6. Qxc3 Ne4 7. Qc2 f5 8. Nh3 d6 9. f3 Nf6 10. e3 e5
11. dxe5 dxe5 12. Be2 Nc6 13. O-O Qe7 14. b4 Rd8 15. Nf2 Qe6 16. Bb2 a6 17. c5 Qe7 18. a4 Be6 19. b5 Nb4 20. Qc3 Nfd5
21. Qxe5 Nc2
0-1

[Event "fast games for new members"]
[Site "SchemingMind.com"]
[Date "2006.03.29"]
[Round "-"]
[White "Katrina#1"]
[Black "Netferatu"]
[Result "0-1"]
[WhiteCountry "AUS"]
[BlackCountry "ARG"]
[WhiteElo "1163"]
[WhiteRD "148"]
[BlackElo "2140"]
[BlackRD "154"]
[GameID "44151"]

1. e4 e5 2. Nf3 Nc6 3. Bb5 a6 4. Ba4 b5 5. Bb3 Nf6 6. d3 Bc5 7. Be3 Bxe3 8. fxe3 Bb7 9. O-O d6 10. Nc3 Na5
11. Ng5 Nxb3 12. axb3 O-O 13. Qf3 b4 14. Ne2 Bc8 15. Ng3 h6 16. Nh3 Bg4 17. Qf2 d5 18. exd5 Nxd5
0-1

[Event "fast games for new members"]
[Site "SchemingMind.com"]
[Date "2006.03.27"]
[Round "-"]
[White "Mitchell-in"]
[Black "Netferatu"]
[Result "0-1"]
[WhiteCountry "ENG"]
[BlackCountry "ARG"]
[WhiteElo "1540"]
[WhiteRD "116"]
[BlackElo "2140"]
[BlackRD "154"]
[GameID "44152"]

1. e4 c5 2. Nf3 Nc6 3. d4 cxd4 4. Nxd4 e5 5. Nb5 Nf6 6. f3 a6 7. Nd6+ Bxd6 8. Qxd6 Qe7 9. Qxe7+ Nxe7 10. Bg5 d5
11. Bxf6 gxf6 12. exd5 Nxd5 13. Bc4 Ne3 14. Bb3 Nxg2+ 15. Kf2 Nf4 16. Nc3 Be6 17. Bxe6 fxe6 18. Ne4 Ke7 19. Rad1 Rhg8 20. Ng3 h5
21. h4 Rg6 22. Rhe1 Nh3+ 23. Kg2 Rag8
0-1

[Event "fast games for new members"]
[Site "SchemingMind.com"]
[Date "2006.03.29"]
[Round "-"]
[White "plutochess"]
[Black "MatdeInverses"]
[Result "0-1"]
[WhiteCountry "USA"]
[BlackCountry "USA"]
[WhiteElo "1348"]
[WhiteRD "160"]
[BlackElo "1898"]
[BlackRD "52"]
[GameID "44450"]

1. e4 c5 2. d4 cxd4 3. c3 Nf6 4. e5 Nd5 5. cxd4 d6 6. f4 Nc6 7. Nf3 Bg4 8. Be2 Qb6 9. O-O dxe5 10. fxe5 Rd8
11. b3 e6 12. Bb2 Ne3 13. Qc1 Nxf1 14. Qxf1 Bxf3 15. Bxf3 Nxd4 16. Kh1 Nxf3 17. gxf3 Be7 18. Na3 O-O 19. Nc4 Qc6 20. Qg2 Rd3
21. Rf1 Rfd8 22. Rg1 Qxf3 23. Qxf3 Rxf3 24. Na5 Rf2 25. Rb1 Rdd2 26. Rc1 Rxh2+ 27. Kg1 Rxb2 28. Rc8+ Bf8 29. Nxb7 Rbg2+ 30. Kf1 Rc2
0-1

[Event "fast games for new members"]
[Site "SchemingMind.com"]
[Date "2006.03.29"]
[Round "-"]
[White "plutochess"]
[Black "nerdy_nadz"]
[Result "0-1"]
[WhiteCountry "USA"]
[BlackCountry "PHI"]
[WhiteElo "1370"]
[WhiteRD "125"]
[BlackElo "1954"]
[BlackRD "144"]
[GameID "44451"]

1. e4 c5 2. Nc3 e6 3. g3 Nc6 4. Bg2 g6 5. Nf3 Bg7 6. O-O Nge7 7. d3 O-O 8. Bd2 d5 9. exd5 exd5 10. Rb1 h6
11. Nh4 Be6 12. Na4 b6 13. c3 g5 14. Nf3 Bf5 15. Qc2 c4 16. Qc1 Bxd3 17. Re1 Bxb1 18. Qxb1 Qd7 19. b3 Rac8 20. Kh1 Rce8
21. bxc4 dxc4 22. Nb2 g4 23. Nh4 Qxd2 24. Bxc6 Nxc6 25. Rxe8 Rxe8 26. Kg2 Qd5+
0-1

[Event "fast games for new members"]
[Site "SchemingMind.com"]
[Date "2006.03.29"]
[Round "-"]
[White "plutochess"]
[Black "Netferatu"]
[Result "0-1"]
[WhiteCountry "USA"]
[BlackCountry "ARG"]
[WhiteElo "1370"]
[WhiteRD "125"]
[BlackElo "2140"]
[BlackRD "154"]
[GameID "44452"]

1. e4 c5 2. Nc3 Nc6 3. f4 e6 4. Nf3 d5 5. Bb5 d4 6. Bxc6+ bxc6 7. Ne2 Bd6 8. e5 Bc7 9. d3 Ne7 10. O-O O-O
11. Ng3 Ba6 12. Ng5 Qd5 13. Qh5 h6 14. Nf3 c4 15. Ne1 f6 16. Nf3 cxd3 17. cxd3 fxe5 18. fxe5 Bxd3 19. Rf2 c5 20. Qg4 Ng6
21. Ne1 Rxf2 22. Kxf2 Nxe5 23. Qh5 Bg6 24. Qd1 Rf8+ 25. Kg1 d3 26. b3 Qd4+ 27. Be3 Qxe3+ 28. Kh1 d2 29. Nc2 Bxc2 30. Qxc2 Qe1+
0-1

[Event "fast games for new members"]
[Site "SchemingMind.com"]
[Date "2006.03.29"]
[Round "-"]
[White "plutochess"]
[Black "Katrina#1"]
[Result "1/2-1/2"]
[WhiteCountry "USA"]
[BlackCountry "AUS"]
[WhiteElo "1370"]
[WhiteRD "125"]
[BlackElo "1163"]
[BlackRD "148"]
[GameID "44453"]

1. e4 e5 2. Nf3 Nc6 3. Bb5 a6 4. Ba4 Nf6 5. O-O d6 6. d4 b5 7. Bb3 Bg4 8. d5 Nd4 9. Nbd2 Be7 10. c3 Nxf3+
11. Nxf3 O-O 12. h3 Bh5 13. g4 Bg6 14. Bc2 Bxe4 15. Bxe4 Nxe4 16. Re1 Nc5 17. b4 Nb7 18. Bb2 f5 19. gxf5 Rxf5 20. Re4 Qd7
21. Rg4 Rxf3 22. Qxf3 Rf8 23. Qg3 g6 24. Rxg6+ hxg6 25. Qxg6+ Kh8 26. Qh6+= Kg8 27. Qg6+ Kh8 28. Qh6+ Kg8 29. Qg6+ Kh8
1/2-1/2

[Event "fast games for new members"]
[Site "SchemingMind.com"]
[Date "2006.03.29"]
[Round "-"]
[White "plutochess"]
[Black "Mitchell-in"]
[Result "0-1"]
[WhiteCountry "USA"]
[BlackCountry "ENG"]
[WhiteElo "1370"]
[WhiteRD "125"]
[BlackElo "1540"]
[BlackRD "116"]
[GameID "44454"]

1. e4 c5 2. Nc3 Nc6 3. f4 g6 4. Nf3 e6 5. Bc4 d6 6. O-O Bg7 7. d3 a6 8. Bd2 b5 9. Bb3 Nge7 10. a3 O-O
11. Ne2 Bxb2 12. Rb1 Bg7 13. Bc3 Bxc3 14. Nxc3 d5 15. e5 h6 16. d4 c4 17. Ba2 Qb6 18. Qd2 Nf5 19. Rfd1 f6 20. g4 Nfe7
21. f5 exf5 22. Qxh6 fxg4 23. Nh4 Bf5 24. Nxf5 gxf5 25. a4 fxe5 26. Qg5+ Kf7 27. Ne2 Nxd4 28. Nxd4 exd4 29. Kg2 Rh8 30. Qf4 Qh6
31. Qg3 f4 32. Qxg4 Qxh2+ 33. Kf1 Qh1+ 34. Qg1 Qf3+ 35. Ke1 Rh1 36. Qxh1 Qxh1+ 37. Kd2 Qg2+ 38. Kc1 d3 39. cxd3 Qxa2 40. Rf1 Qa3+
41. Rb2 Qxd3 42. Rxf4+ Ke8 43. Rh4 Qf1+ 44. Kc2 Qf2+
0-1

[Event "fast games for new members"]
[Site "SchemingMind.com"]
[Date "2006.03.30"]
[Round "-"]
[White "MatdeInverses"]
[Black "plutochess"]
[Result "1-0"]
[WhiteCountry "USA"]
[BlackCountry "USA"]
[WhiteElo "1898"]
[WhiteRD "52"]
[BlackElo "1348"]
[BlackRD "160"]
[GameID "44455"]

1. c4 c6 2. e4 d5 3. cxd5 cxd5 4. exd5 Nf6 5. Nc3 Nxd5 6. Nf3 Nxc3 7. bxc3 e6 8. d4 Nc6 9. Bd3 Be7 10. O-O O-O
11. Qe2 a6 12. Rb1 b5 13. Qe4 Bd7 14. Qxh7#
1-0

[Event "fast games for new members"]
[Site "SchemingMind.com"]
[Date "2006.03.29"]
[Round "-"]
[White "nerdy_nadz"]
[Black "plutochess"]
[Result "1-0"]
[WhiteCountry "PHI"]
[BlackCountry "USA"]
[WhiteElo "1954"]
[WhiteRD "144"]
[BlackElo "1370"]
[BlackRD "125"]
[GameID "44456"]

1. d4 d5 2. c4 c6 3. Nf3 Nf6 4. Nc3 e6 5. e3 Bb4 6. a3 Bxc3+ 7. bxc3 O-O 8. Bd3 dxc4 9. Bxc4 b5 10. Bd3 Bb7
11. a4 Qa5 12. Bd2 Qb6 13. O-O Ba6 14. axb5 Bxb5 15. c4 Ba6 16. Qc2 Bb7 17. Ba5 Qa6 18. c5 Qxd3 19. Qxd3 Ba6 20. Qc2 Bxf1
21. Rxf1 Na6 22. Ne5 Nd5 23. Nxc6 Nb8 24. Nxb8 Raxb8 25. e4 Nf4 26. g3 Nh3+ 27. Kg2 Ng5 28. h4
1-0

[Event "fast games for new members"]
[Site "SchemingMind.com"]
[Date "2006.04.02"]
[Round "-"]
[White "Netferatu"]
[Black "plutochess"]
[Result "1-0"]
[WhiteCountry "ARG"]
[BlackCountry "USA"]
[WhiteElo "2140"]
[WhiteRD "154"]
[BlackElo "1370"]
[BlackRD "125"]
[GameID "44457"]

1. d4 d5 2. c4 c6 3. cxd5 cxd5 4. Nc3 Nf6 5. Nf3 Nc6 6. Bf4 e6 7. e3 Bb4 8. Bd3 O-O 9. O-O Bxc3 10. bxc3 Bd7
11. Rb1 b6 12. Bg5 Rc8 13. Ba6 Rc7 14. Bf4 Ne4 15. Bxc7 Qxc7 16. Qc2 Na5 17. Ne5 Qxc3 18. Qxc3 Nxc3 19. Nxd7 Rd8 20. Rbc1 Ne2+
21. Bxe2
1-0

[Event "fast games for new members"]
[Site "SchemingMind.com"]
[Date "2006.03.31"]
[Round "-"]
[White "Katrina#1"]
[Black "plutochess"]
[Result "0-1"]
[WhiteCountry "AUS"]
[BlackCountry "USA"]
[WhiteElo "1163"]
[WhiteRD "148"]
[BlackElo "1370"]
[BlackRD "125"]
[GameID "44458"]

1. e4 c6 2. Nf3 d5 3. e5 Bg4 4. h3 Bh5 5. d4 e6 6. Nc3 f6 7. g4 Bg6 8. Bd3 Nd7 9. Bf4 Qc7 10. Qe2 Bb4
11. a3 Bxc3+ 12. bxc3 fxe5 13. dxe5 Qa5 14. Bxg6+ hxg6 15. Qd3 Ne7 16. Nd2 O-O 17. Qe3 Nc5 18. Nb3 Nxb3 19. cxb3 c5 20. O-O Qb5
21. Rab1 d4 22. cxd4 Nd5 23. Qe4 Nc3 24. Qxg6 Ne2+ 25. Kh2 Nxf4 26. Qg5 Qd3 27. dxc5 Qxh3+ 28. Kg1 Qg2#
0-1

[Event "fast games for new members"]
[Site "SchemingMind.com"]
[Date "2006.03.29"]
[Round "-"]
[White "Mitchell-in"]
[Black "plutochess"]
[Result "0-1"]
[WhiteCountry "ENG"]
[BlackCountry "USA"]
[WhiteElo "1432"]
[WhiteRD "210"]
[BlackElo "1348"]
[BlackRD "160"]
[GameID "44459"]

1. e4 c6 2. d4 d5 3. exd5 cxd5 4. c4 Nf6 5. Nf3 Nc6 6. Nc3 e6 7. a3 Be7 8. Be2 O-O 9. O-O Bd6 10. Qb3= Na5
11. Qa2 Nxc4 12. Bxc4 dxc4 13. Qxc4 b6 14. Bg5 Bb7 15. Qd3 Be7 16. Rad1 a6 17. Rfe1 Nd5 18. Bxe7 Qxe7 19. Nxd5 Bxd5 20. Ne5 Qg5
21. Nf3 Qg6 22. Ne5 Qxg2#
0-1

[Event "fast games for new members"]
[Site "SchemingMind.com"]
[Date "2006.03.29"]
[Round "-"]
[White "CarlJF"]
[Black "MatdeInverses"]
[Result "0-1"]
[WhiteCountry "CAN"]
[BlackCountry "USA"]
[WhiteElo "1766"]
[WhiteRD "176"]
[BlackElo "1956"]
[BlackRD "47"]
[GameID "44516"]

1. e4 c5 2. Nc3 Nc6 3. g3 g6 4. Bg2 Bg7 5. d3 e6 6. Be3 b6 7. Qd2 Bb7 8. Nb5 d6 9. Nf3 a6 10. Nc3 Nd4
11. O-O-O Nb5 12. Nxb5 axb5 13. Kb1 Ra7 14. d4 Qa8 15. a3 Bxe4 16. dxc5 dxc5 17. Qe2 Bc6 18. Bg5 Ne7 19. Nh4 Bxg2 20. Nxg2 O-O
21. Bxe7 Rxe7 22. Ne3 b4 23. Qd3 bxa3 24. bxa3 Ra7 25. Ka2 b5 26. c4 b4 27. Nc2 b3+ 28. Qxb3 Rb8 29. Qxb8+ Qxb8 30. Rb1 Rb7
31. Rxb7 Qxb7 32. Rb1 Qe4 33. Rb8+ Bf8 34. Ne3 Qf3 35. Rb2 h6 36. a4 Bg7 37. Rd2 Bd4 38. Nd1 Qh1 39. f4 Qe1 40. Rxd4 cxd4
41. Nb2 Qb4 42. h4 d3 43. g4 d2 44. a5 Qxa5+ 45. Kb3 Qa1 46. c5 d1=Q+ 47. Nxd1 Qxd1+ 48. Kc4 Qxg4 49. Kb5 Qxh4 50. c6 Qxf4
51. Kb6 h5 52. c7 Qxc7+ 53. Kxc7 h4
0-1